Responses for show #6980 - Friday, January 9, 2015

John Schultz game 2.

Contestants

[<< previous game]

Evan Perkins, an advertiser account representative from San Francisco, California

Verna Kale, a rhetoric professor and writer from Midlothian, Virginia

John Schultz, a computer programmer from Ann Arbor, Michigan (whose 1-day cash winnings total $27,600)

[next game >>]

Jeopardy! Round responses

CLASSICAL MUSIC... ON BANJO!
GOOD MOUSE KEEPING
GREEK LETTERS TODAY
COACHING IN THE NFL
THE "URT" LOCKER
THIS ONE'S FOR THE LADIES
    $200 20
Figaro

Evan
    $200 25
(Alex: Minute to go now.)

Of Mice and Men

Evan
    $200 5
an alpha particle

John
    $200 10
(Vince) Lombardi

John
    $200 1
a curtsy

John
    $200 15
Princess Diana

Evan
    $400 21
"Ode To Joy"

Evan
    $3,400 26
(Evan: Let's do arteries. What is I'll go to arteries?)

muscles

Evan
    $400 6
beta-carotene

Triple Stumper
    $400 11
(John) Madden

John
    $400 2
nurture

Evan
    $400 16
Harriet Tubman

John
    $600 22
William Tell

John
    $600 28
[The end-of-round signal sounds.]

the Brothers Grimm

Evan
    $600 7
(Alex: [*] Blues, good.)

Delta

John
    $600 12
(Evan: Who is Jerry Jones?)
...
(Alex: Great hairdo.)

Jimmy Johnson

JohnEvan
    $600 3
Frankfurter

Triple Stumper
    $600 17
Unsinkable Molly Brown

Verna
    $800 23
Bizet

Evan
    $800 8
nu

Triple Stumper
    $800 13
Ryan

Evan
    $800 4
(Alex: Particularly after a great performance, you'll take a [*] call.)

curtain

Triple Stumper
    $800 18
Clara Barton

Verna
    $1000 24
Wagner

Verna
    $1000 27
(Evan: Who is Felix the Cat?)

Krazy Kat

VernaEvan
    $1000 9
pi

Evan
    $1000 14
the (Pittsburgh) Steelers

John
    $1000 19
Golda Meir

John

Scores at the first commercial break (after clue 15):

John Verna Evan
$3,200 $0 $1,800

Scores at the end of the Jeopardy! Round:

John Verna Evan
$5,200 $3,400 -$400

Double Jeopardy! Round responses

FAMOUS FIRST WORDS
PUNCTUATION
ARLINGTON NATIONAL CEMETERY
MOVIE TITLE ADD A LETTER
(Alex: Let me give you an example--instead of A Knight's Tale, the correct response would be "What is A Knight's Table?" Adding one letter to the response.)
YUKON
DO IT
    $400 8
(Evan: What is we?)

when

VernaEvan
    $400 3
a slash

John
    $400 22
JFK (John Kennedy)

John
    $400 9
Forrest Grump

John
    $400 28
Territory

John
    $400 11
throw a knuckle ball

John
    $800 18
Lolita

John
    $800 4
(Evan: What is okay?)

a question mark

VernaEvan
    $800 23
Columbia & Challenger

Evan
    $800 10
Apocalypse Snow

Verna
    $800 14
Saint George's cross

John
    $800 12
an igloo

Evan
    $5,800 19
(Alex: That's it. FDR.)

the Fireside Chats

John
    $1200 5
brackets

Verna
    $1200 26
(Alex: ...with less than a minute to go now, Evan.)

Memorial Amphitheater

Triple Stumper
    $1200 16
Argon

Evan
    $1200 1
Whitehorse

John
    $1600 20
It was a dark and stormy night

John
    $1600 6
quotes

Verna
    $5,000 25
(Evan: Who is Oliver Wendell Holmes?)
...
(Alex: Later become a member of the Supreme Court.)

Thurgood Marshall

Evan
    $1600 15
Shriek

Verna
    $1600 2
Nations

Verna
    $1600 29
(John: What is add yourself to the, uh, do-not-call registry?)
...
(Alex: How do you [*]?)
[The end-of-round signal sounds.]

block a telephone number

John
Triple Stumper
    $2000 21
April

Verna
    $2000 7
exclamation point

John
    $2000 24
Dashiell Hammett

Evan
    $2000 17
Good Twill Hunting

John
    $2000 13
Mount Logan

Evan
    $2000 27
(Alex: How do you [*]?)

play the tambourine

Triple Stumper

Scores at the end of the Double Jeopardy! Round:

John Verna Evan
$19,800 $13,400 $200

[wagering suggestions for these scores]

Final Jeopardy! Round responses

FAMOUS AMERICANS
(Alex: [To Verna] Hannibal, Missouri.)
EvanWho is Harry Truman
$199
VernaWho is Mark Twain?
$13,400
JohnWho is Mark Twain
$10,200
Mark Twain

Final scores:

John Verna Evan
$30,000 $26,800 $1
2-day champion: $57,600 2nd place: $2,000 3rd place: $1,000

Game dynamics:

Coryat scores:

John Verna Evan
$15,200 $13,400 $8,600
22 R
(including 1 DD),
1 W
12 R,
0 W
14 R,
6 W
(including 2 DDs)

Combined Coryat: $37,200

The J! Archive is created by fans, for fans. The Jeopardy! game show and all elements thereof, including but not limited to copyright and trademark thereto, are the property of Jeopardy Productions, Inc. and are protected under law. This website is not affiliated with, sponsored by, or operated by Jeopardy Productions, Inc. Join the discussion at JBoard.tv.